000 00201 a2200097 4500
001 7885
100 _aTruman, H S
245 _aYear of decisions : 1945
260 _a
_bHodder
_c
090 _c6329
_d6329
942 _aNUST-CAE
_cM
_c32855
999 _c242958
_d242958